Online
Catalog

Historia de los servicios secretos norteamericanos / (Record no. 823)

MARC details
000 -CABECERA
campo de control de longitud fija 01803nam a2200277 a 4500
001 - NÚMERO DE CONTROL
campo de control 000000827
005 - FECHA Y HORA DE LA ÚLTIMA TRANSACCIÓN
campo de control 20200929145422.0
008 - DATOS DE LONGITUD FIJA--INFORMACIÓN GENERAL
campo de control de longitud fija 090527s2002 sp 000 0 spa d
020 ## - NÚMERO INTERNACIONAL ESTÁNDAR DEL LIBRO
Número Internacional Estándar del Libro 8449315492
020 ## - NÚMERO INTERNACIONAL ESTÁNDAR DEL LIBRO
Número Internacional Estándar del Libro 9788449315497
040 ## - FUENTE DE LA CATALOGACIÓN
Centro catalogador/agencia de origen DO-SdBNP
Lengua de catalogación spa
Centro/agencia transcriptor BNPHU
082 ## - NÚMERO DE LA CLASIFICACIÓN DECIMAL DEWEY
Número de clasificación 327.1273
Número de documento/Ítem J35h
100 1# - ENTRADA PRINCIPAL--NOMBRE DE PERSONA
Nombre de persona Jeffreys-Jones, Rhodri
9 (RLIN) 2898
245 10 - MENCIÓN DE TÍTULO
Título Historia de los servicios secretos norteamericanos /
Mención de responsabilidad, etc. Rhodri Jeffreys-Jones ; traducción Mara Pino Moreno.
260 ## - PUBLICACIÓN, DISTRIBUCIÓN, ETC.
Lugar de publicación, distribución, etc. Barcelona :
Nombre del editor, distribuidor, etc. Paidós,
Fecha de publicación, distribución, etc. 2002.
300 ## - DESCRIPCIÓN FÍSICA
Extensión 392 p. ;
Dimensiones 24 cm.
490 0# - MENCIÓN DE SERIE
Mención de serie Paidós historia contemporanea ;
Designación de volumen o secuencia 016
500 ## - NOTA GENERAL
Nota general Título original en inglés: Cloak and dollar
500 ## - NOTA GENERAL
Nota general Incluye bibliografía y notas al pie de las páginas
500 ## - NOTA GENERAL
Nota general Incluye índice analítico y de nombres
505 0# - NOTA DE CONTENIDO CON FORMATO
Nota de contenido con formato Mirando hacia atrás con terror: prólogo de la segunda edición -- Prólogo -- Abreviaturas de las notas -- El espía norteamericano como estafador -- El estilo de Washington -- El legado de Allan Pinkerton -- ¿Desmanteló Wilkie la red de espionaje de Montreal? -- U-1: la agencia que nadie conocía -- Burns, Hoover y el desarrollo de la tradición del FBI -- H.O. Yardley: el héroe traidor -- Pearl Harbor en la historia del servicio de inteligencia -- La propaganda de lo superfluo: Will Bill Donovan y la OSS -- Allen Dulles y la CIA -- Cuba, Vietnam y el interludio retórico -- ¿Reformó el senador Church el servicio de inteligencia? -- La era Casey-Reagan: de la historia a la victoria -- ¿el verdadero siglo americano? -- Bibliografía -- Índice analítico y de nombres.
650 #4 - PUNTO DE ACCESO ADICIONAL DE MATERIA--TÉRMINO DE MATERIA
Término de materia o nombre geográfico como elemento de entrada Servicio de inteligencia
Subdivisión geográfica Estados Unidos
9 (RLIN) 2899
650 #4 - PUNTO DE ACCESO ADICIONAL DE MATERIA--TÉRMINO DE MATERIA
Término de materia o nombre geográfico como elemento de entrada Servicio secreto
Subdivisión geográfica Estados Unidos
Subdivisión cronológica HISTORIA
9 (RLIN) 2900
700 1# - PUNTO DE ACCESO ADICIONAL--NOMBRE DE PERSONA
Nombre de persona Pino Moreno, Mara,
Término indicativo de función/relación tr.
9 (RLIN) 2901
830 #0 - PUNTO DE ACCESO ADICIONAL DE SERIE-TÍTULO UNIFORME
Título uniforme Paidós historia contemporanea
Número de parte o sección de la obra 016
9 (RLIN) 2902
Holdings
Estado de retiro Estado de pérdida No para préstamo Código de colección Localización permanente Ubicación/localización actual Ubicación en estantería Fecha de adquisición Número de inventario Total de préstamos Signatura topográfica completa Código de barras Fecha visto por última vez Precio válido a partir de Tipo de ítem Koha
    Préstamo en sala Dominicana de Servicio Biblioteca Nacional Pedro Henríquez Ureña Biblioteca Nacional Pedro Henríquez Ureña Depósito 26.08.2009 LF1   327.1273 J35h 827-10 25.06.2020 25.06.2020 Libros y folletos

Powered by Koha